000 00889nam a2200229Ia 4500
003 GCL
008 140319s9999 xx 000 0 ara d
020 _a102829953
040 _aGCL /
_cGCL
082 0 4 _a956.708
_bج خ
100 1 _aماكففرن، جورج
245 1 0 _aالخروج من العراق :
_bخطة عملية للانسحاب الآن /
_cماكففرن، جورج
700 1 _aبولك، وليام
250 _aالاولى
260 _aبيروت :
_bمركز دراسات الوحدة العربية ،
_c2006
300 _a136 ص ؛
_c24 سم
650 0 4 _aجرائم الحرب
650 0 4 _aالعراق - تاريخ - العصر الحديث
650 0 4 _aالاعتداء الامريكى على العراق
650 0 4 _aالاعتداء الامريكى البريطانى على العراق - الجوانب النفسية
942 _2ddc
_cBK
999 _c9051
_d9051